Tilastot visalle Bhutan-visa

Klikkaa tästä pelataksesi tätä visaa!

Yleistilastot

  • Tätä visaa on pelattu 36 kertaa
  • Keskiarvotulos 12 / 20

Vastaustilastot

VihjeVastaus% Oikein
NaapurimaatIntia
100%
NaapurimaatKiina
100%
ValtionuskontoBuddhalaisuus
93%
Vuoristo, jossa Bhutan sijaitseeHimalaja
93%
Maan pohjoispuolella sijaitseva toisen naapurimaan "autonominen" alueTiibet
86%
Lipussa oleva eläinLohikäärme
82%
PääkaupunkiThimphu
71%
Tunnettu tie, joka kulki Bhutanin halkiSilkkitie
71%
Bhutan on keskimäärin maailman _____ valtioKorkein
68%
Bhutan veloittaa tällaisilta ihmisiltä vähintään 200 dollaria päivässäTuristeilta
64%
Vuonna 2010 Bhutan oli ensimmäinen tämän kokonaan kieltänyt valtioTupakka
57%
Bhutan on ainoa valtio, jossa tämä on suosituin urheilulajiJousiammunta
46%
Virallinen kieliDzongkha
46%
"Gho" on perinteinen bhutanilainen...Miesten kansallisasu
43%
Bhutanissa keskitytään bruttokansantuotteen sijaan...Bruttokansan-
{onnellisuuteen}
43%
Bhutanin kuningas vuodesta 2005 lähtienJigme Khesar
36%
ValuuttaNgultrum
36%
Pääkaupunki vuoteen 1955 astiPunakha
36%
Bhutanin tärkein vientituote, jota tuotetaan maassa runsaasti maan maantieteellisen sijainnin myötäSähkö
32%
Bhutanin korkein vuori ja väitetysti maailman korkein vuori, jolle ei olla koskaan kiivettyGangkhar Puensum
29%

Tulosjakauma

Persentiili vastausten määrän mukaan

Jokaisen tuloksen saaneiden osuus

Tuloshistoriasi

Et ole pelannut tätä visaa